<?xml version="1.0" encoding="UTF-8"?><?xml-stylesheet type="text/xsl" href="static/style.xsl"?><OAI-PMH xmlns="http://www.openarchives.org/OAI/2.0/" xmlns:xsi="http://www.w3.org/2001/XMLSchema-instance" xsi:schemaLocation="http://www.openarchives.org/OAI/2.0/ http://www.openarchives.org/OAI/2.0/OAI-PMH.xsd"><responseDate>2026-06-03T09:01:11Z</responseDate><request verb="GetRecord" identifier="oai:riuma.uma.es:10630/33590" metadataPrefix="marc">https://riuma.uma.es/rest/oai/request</request><GetRecord><record><header><identifier>oai:riuma.uma.es:10630/33590</identifier><datestamp>2026-02-03T10:53:48Z</datestamp><setSpec>com_10630_2254</setSpec><setSpec>col_10630_37953</setSpec></header><metadata><record xmlns="http://www.loc.gov/MARC21/slim" xmlns:dcterms="http://purl.org/dc/terms/" xmlns:doc="http://www.lyncode.com/xoai" xmlns:xsi="http://www.w3.org/2001/XMLSchema-instance" xsi:schemaLocation="http://www.loc.gov/MARC21/slim http://www.loc.gov/standards/marcxml/schema/MARC21slim.xsd">
   <leader>00925njm 22002777a 4500</leader>
   <datafield ind2=" " ind1=" " tag="042">
      <subfield code="a">dc</subfield>
   </datafield>
   <datafield ind2=" " ind1=" " tag="720">
      <subfield code="a">Reigal-Garrido, Rafael Enrique</subfield>
      <subfield code="e">author</subfield>
   </datafield>
   <datafield ind2=" " ind1=" " tag="720">
      <subfield code="a">Hernández-Mendo, Antonio</subfield>
      <subfield code="e">author</subfield>
   </datafield>
   <datafield ind2=" " ind1=" " tag="720">
      <subfield code="a">Juárez Ruiz de Mier, Rocío</subfield>
      <subfield code="e">author</subfield>
   </datafield>
   <datafield ind2=" " ind1=" " tag="720">
      <subfield code="a">Morales-Sánchez, Verónica Odilia</subfield>
      <subfield code="e">author</subfield>
   </datafield>
   <datafield ind2=" " ind1=" " tag="260">
      <subfield code="c">2020</subfield>
   </datafield>
   <datafield ind2=" " ind1=" " tag="520">
      <subfield code="a">The purpose of this study was to analyze the relationships among physical exercise and fitness with selective attention, concentration, processing speed, general self-efficacy, self-rated health, and satisfaction with life. 208 adolescents between 14 and 16 years, from the city of Malaga (Spain), participated in the study. A comparative and predictive design was used to carry out this research. The instruments used for the evaluation were the Tanita R&#xd;
 BC-601 Body Composition Monitor, the Eurofit Physical Condition Test Battery, the D2 Test of Attention, the WISC-IV Symbol Search and Coding tests, the General Self-Efficacy Scale (GSE), the General Health Questionnaire (GHQ-28), and the Satisfaction with Life Scale (SWLS). Analysis of variance (ANOVA), Kruskal–Wallis test, correlation analysis and linear regression were used to contrast the research objectives. The results indicated that adolescents who practiced more hours of physical exercise per week and were in better physical fitness achieved higher scores in selective attention, concentration, processing speed, general self-efficacy, self-rated health, and satisfaction with life. In addition, cardiorespiratory fitness was the physical fitness variable most closely related to and predictive of cognitive and psychosocial functioning. Cardiorespiratory fitness was predictor of all the variables analyzed, except the factor anxiety and insomnia (self-rated health), and life satisfaction that were predicted by horizontal jump measurements and fat mass, respectively. Thus, the study findings indicate that adolescents who practiced more weekly physical exercise and had a higher level of physical fitness scored better on the cognitive functioning and psychosocial tests evaluated. The data suggest that engaging in physical exercise and fitness in adolescence may be appropriate to improve health and well-being, contributing to better development at this stage.</subfield>
   </datafield>
   <datafield ind1="8" ind2=" " tag="024">
      <subfield code="a">Reigal, R. E., Hernández-Mendo, A., Juárez-Ruiz de Mier, R., &amp; Morales-Sánchez, V. (2020). Physical exercise and fitness level are related to cognitive and psychosocial functioning in adolescents. Frontiers in Psychology, 11, 1777.</subfield>
   </datafield>
   <datafield ind1="8" ind2=" " tag="024">
      <subfield code="a">https://hdl.handle.net/10630/33590</subfield>
   </datafield>
   <datafield ind1="8" ind2=" " tag="024">
      <subfield code="a">10.3389/fpsyg.2020.01777</subfield>
   </datafield>
   <datafield tag="653" ind2=" " ind1=" ">
      <subfield code="a">Ejercicio físico - Aspectos psicológicos</subfield>
   </datafield>
   <datafield ind2="0" ind1="0" tag="245">
      <subfield code="a">Physical Exercise and Fitness Level Are Related to Cognitive and Psychosocial Functioning in Adolescents</subfield>
   </datafield>
</record>
</metadata></record></GetRecord></OAI-PMH>